| 000 | 03128cam a22004091i 4500 | ||
|---|---|---|---|
| 003 | SA-RiAUC | ||
| 005 | 20250822124139.0 | ||
| 008 | 250731s2004 ua g 00010 ara c | ||
| 020 | _a9773142264 | ||
| 040 |
_aSA-AhKFU _bara _cSA-RiAUC _erda |
||
| 043 | _aa-su--- | ||
| 050 | 4 | _bH33 2004 | |
| 082 | 0 | 4 |
_a726.20953122 _qSA-RiAUC |
| 090 |
_a726.20953122 _bح د ا |
||
| 100 | 1 |
_aالحداد، محمد حمزة إسماعيل، _d1959- _eمؤلف. |
|
| 245 | 1 | 0 |
_aعمارة المسجد النبوي الشريف في العصرين الأموي والعباسي : _bدراسة جديدة في ضوء مشاهدات ابن عبد ربه القرطبي / _cتأليف محمد حمزة إسماعيل الحداد. |
| 250 | _aالطبعة الثانية، مزيدة ومنقحة. | ||
| 264 | 1 |
_aالقاهرة : _bمكتبة زهراء الشرق، _c2004 |
|
| 300 |
_a115 صفحة : _bإيضاحيات ؛ _c24 سم. |
||
| 336 |
_aنص _btxt _2rdacontent _3كتاب |
||
| 337 |
_aبدون وسيط _bn _2rdamedia |
||
| 338 |
_aمجلد _bnc _2rdacarrier |
||
| 490 | 1 | _aالعمارة الإسلامية في الجزيرة العربية | |
| 504 | _aببليوجرافية : صفحة 107-115. | ||
| 520 | _aيتناول كتاب (عمارة المسجد النبوي الشريف في العصرين الأموي والعباسي : دراسة جديدة في ضوء مشاهدات ابن عبد ربه القرطبي) الذي قام بتأليفه محمد حمزة إسماعيل الحداد في حوالي (115) صفحة من القطع المتوسط موضوع (المسجد النبوي الشريف) مستعرضا المحتويات التالية : مقدمة، المبحث الأول : ابن عبد ربه وعقده، المبحث الثاني : عمارة المسجد النبوي الشريف وتخطيطه في ضوء وصف ابن عبد ربه ومقارنة ذلك بما انتهت إليه الدراسات الأثارية السابقة، المبحث الثالث : عمارة المسجد النبوي الشريف بعد ابن عبد ربه. | ||
| 600 | 1 | 7 |
_aابن عبد ربه، أحمد بن محمد بن عبد ربه، _d246-328 هجري _xآراء حول العمارة الإسلامية _2aucnm |
| 610 | 2 | 7 |
_aالمسجد النبوي الشريف _2aucnm |
| 610 | 2 | 7 |
_aالمسجد النبوي الشريف _xتاريخ _yالعصر العباسي، 750-1258 هجري _2aucnm |
| 610 | 2 | 7 |
_aالمسجد النبوي الشريف _xتاريخ _yالعصر الأموي، 661-750 هجري _2aucnm |
| 650 | 7 |
_aالأماكن المقدسة الإسلامية _zالسعودية _2aucsh |
|
| 650 | 7 |
_aالعمارة الإسلامية _zالمدينة المنورة _xتاريخ _yالعصر العباسي، 132-656 هجري _2aucsh |
|
| 650 | 7 |
_aالعمارة الإسلامية _zالمدينة المنورة _xتاريخ _yالعصر الأموي، 41-132 هجري _2aucsh |
|
| 830 | 2 | _aالعمارة الإسلامية في الجزيرة العربية | |
| 942 |
_2ddc _cBOOK _n0 |
||
| 949 |
_aSA-JeALM _d250731 _umohamedma123 _n1 |
||
| 999 |
_c11014 _d11014 |
||